<?xml version="1.0" encoding="UTF-8"?><?xml-stylesheet type="text/xsl" href="static/style.xsl"?><OAI-PMH xmlns="http://www.openarchives.org/OAI/2.0/" xmlns:xsi="http://www.w3.org/2001/XMLSchema-instance" xsi:schemaLocation="http://www.openarchives.org/OAI/2.0/ http://www.openarchives.org/OAI/2.0/OAI-PMH.xsd"><responseDate>2026-04-18T02:23:06Z</responseDate><request verb="GetRecord" identifier="oai:www.recercat.cat:20.500.12327/4830" metadataPrefix="marc">https://recercat.cat/oai/request</request><GetRecord><record><header><identifier>oai:recercat.cat:20.500.12327/4830</identifier><datestamp>2026-02-24T00:33:57Z</datestamp><setSpec>com_2072_4428</setSpec><setSpec>com_2072_4427</setSpec><setSpec>col_2072_487898</setSpec></header><metadata><record xmlns="http://www.loc.gov/MARC21/slim" xmlns:dcterms="http://purl.org/dc/terms/" xmlns:xsi="http://www.w3.org/2001/XMLSchema-instance" xmlns:doc="http://www.lyncode.com/xoai" xsi:schemaLocation="http://www.loc.gov/MARC21/slim http://www.loc.gov/standards/marcxml/schema/MARC21slim.xsd">
   <leader>00925njm 22002777a 4500</leader>
   <datafield ind2=" " ind1=" " tag="042">
      <subfield code="a">dc</subfield>
   </datafield>
   <datafield ind2=" " ind1=" " tag="720">
      <subfield code="a">Mera-Loor, Geormery Belén</subfield>
      <subfield code="e">author</subfield>
   </datafield>
   <datafield ind2=" " ind1=" " tag="720">
      <subfield code="a">Alcívar-Mendoza, Limber José</subfield>
      <subfield code="e">author</subfield>
   </datafield>
   <datafield ind2=" " ind1=" " tag="720">
      <subfield code="a">Cruz-Quintana, Yanis</subfield>
      <subfield code="e">author</subfield>
   </datafield>
   <datafield ind2=" " ind1=" " tag="720">
      <subfield code="a">Santana-Piñeros, Ana María</subfield>
      <subfield code="e">author</subfield>
   </datafield>
   <datafield ind2=" " ind1=" " tag="720">
      <subfield code="a">Caña-Bozada, Víctor Hugo</subfield>
      <subfield code="e">author</subfield>
   </datafield>
   <datafield ind2=" " ind1=" " tag="260">
      <subfield code="c">2025-02-21</subfield>
   </datafield>
   <datafield ind2=" " ind1=" " tag="520">
      <subfield code="a">Fish susceptibility to parasitic infection is a crucial issue in aquaculture, where the density of captive fish increases the intensity of parasitic infections. Monogeneans are a group of parasitic flatworms that include pathogenic species for fish, among them Neobenedenia spp., which pose significant challenges for fish health in farming systems. Understanding the dynamics of parasitism in fish and how they may vary according to host susceptibility or environmental conditions is essential for the development of effective management strategies in aquaculture. Therefore, the aim of this study was to investigate the individual susceptibility of Almaco jack (Seriola rivoliana) to infections by Neobenedenia sp. and examine how reinfection affects parasite load in an aquaculture setting. Our findings unveiled an aggregated distribution of parasites in the fish population, indicating a non-random pattern influenced by specific host factors. Furthermore, our results revealed that even minor temperature variations, such as an increase of just 1°C, were associated with a noticeable rise in parasite abundance. These results underscore the importance of regular monitoring in S. rivoliana tank-maintained systems, as even minor temperature fluctuations can cause a substantial increase in Neobenedenia sp. infections, particularly in more susceptible individuals.</subfield>
   </datafield>
   <datafield ind1="8" ind2=" " tag="024">
      <subfield code="a">Mera‐Loor, Geormery Belén, Limber José Alcívar‐Mendoza, Yanis Cruz‐Quintana, Ana María Santana‐Piñeros, and Víctor Hugo Caña‐Bozada. “Dynamics of Reinfection by Neobenedenia Sp. (Monogenea, Capsalidae) in Almaco Jack, Seriola Rivoliana, Kept in a Cultivation System.” Journal of Fish Diseases 48, no. 6 (February 21, 2025): e14104. https://doi.org/10.1111/jfd.14104.</subfield>
   </datafield>
   <datafield ind1="8" ind2=" " tag="024">
      <subfield code="a">0140-7775</subfield>
   </datafield>
   <datafield ind1="8" ind2=" " tag="024">
      <subfield code="a">http://hdl.handle.net/20.500.12327/4830</subfield>
   </datafield>
   <datafield ind1="8" ind2=" " tag="024">
      <subfield code="a">https://doi.org/10.1111/jfd.14104</subfield>
   </datafield>
   <datafield ind2="0" ind1="0" tag="245">
      <subfield code="a">Dynamics of Reinfection by Neobenedenia sp. (Monogenea, Capsalidae) in Almaco Jack, Seriola rivoliana, Kept in a Cultivation System</subfield>
   </datafield>
</record></metadata></record></GetRecord></OAI-PMH>